Normal view
MARC view
Entry Topical Term
001 - CONTROL NUMBER
- control field: 50705
003 - CONTROL NUMBER IDENTIFIER
- control field: ARRUPE
005 - DATE AND TIME OF LATEST TRANSACTION
- control field: 20211027103126.0
008 - FIXED-LENGTH DATA ELEMENTS
- fixed length control field: 211027|| aca||aabn | a|a d
040 ## - CATALOGING SOURCE
- Original cataloging agency: ARRUPE
- Transcribing agency: ARRUPE
150 ## - HEADING--TOPICAL TERM
- Topical term or geographic name as entry element: Graph theory
670 ## - SOURCE DATA FOUND
- Source citation: Work cat.: (ARRUPE)0: West, Douglas Brent. 50704, Introduction to graph theory /, c1996.